Most Spoken Languages in Toronto (2021) - Statistics

General Stats
  • This quiz has been taken 45 times
  • The average score is 24 of 36
Answer Stats
Number of Speakers Percent Language % Correct
3,082,345 50.02% English
100%
61,110 0.99% French
100%
134,970 2.19% Spanish
97%
125,895 2.04% Italian
94%
102,255 1.66% Portuguese
94%
21,645 0.35% German
92%
259,555 4.21% Mandarin
92%
97,690 1.59% Arabic
89%
80,580 1.31% Russian
89%
56,855 0.92% Korean
86%
34,980 0.57% Greek
83%
51,540 0.84% Vietnamese
83%
65,805 1.07% Hindi
81%
58,140 0.94% Polish
81%
132,925 2.16% Tagalog
78%
23,950 0.39% Ukrainian
78%
111,735 1.81% Tamil
75%
239,720 3.89% Cantonese
72%
43,005 0.7% Bengali
69%
117,775 1.91% Persian
69%
38,015 0.62% Serbo-Croatian
69%
18,330 0.3% Turkish
69%
134,195 2.18% Urdu
69%
210,165 3.41% Punjabi
61%
22,265 0.36% Romanian
61%
16,100 0.26% Hungarian
58%
70,490 1.14% Gujarati
44%
12,085 0.2% Armenian
42%
15,155 0.25% Telugu
42%
10,075 0.16% Hebrew
39%
18,380 0.3% Malayalam
36%
14,255 0.23% Albanian
33%
10,130 0.16% Macedonian
28%
13,385 0.22% Somali
25%
12,065 0.2% Ilocano
6%
13,525 0.22% Aramaic
3%
No matching quizzes found
Score Distribution
Percent of People with Each Score
Percentile by Number Answered
Your Score History
You have not taken this quiz